000 00377nam a2200133Ia 4500
008 220216s9999 xx 000 0 und d
100 _aWilliams J I S
245 0 _aPneumatic tyre testing
260 _bProceedings of the 3rd Rubber Technology Conference, London, 1954; p512-527
650 _aPneumatic tyre
650 _aTyre testing
700 _aClifton R G
942 _cJS
999 _c65201
_d65201